Представление документа в формате RUSMARC

ПолеНазваниеЗначение
  Тип записи a
  Библиографический уровень a
001 Контрольный номер RU/CBS_UL/BASE/698509183
005 Дата корректировки 20240209175318.7
100 Данные общей обработки __
a Данные общей обработки 20220218d2022 ||| 0rusy0189 ca
101 Язык документа 0_
a Язык текста rus
102 Страна публикации __
a Страна публикации RU
105 Кодированные данные (монография) __
a Кодированные данные (монография) y###||||000|y
181 Поле кодированных данных: вид содержания _1
a Код вида содержания (ISBD) i#
b Код характеристики содержания (ISBD) #xxe##
d i
g x
h x
i e
182 Поле кодированных данных: тип средства _1
a Код типа средства (ISBD) n
2 Код системы (источник кода, отличный от ISBD) isbdmedia
200 Заглавие и сведения об ответственности 1_
a Заглавие Уистлер против Рескина, или Что такое настоящее искусство и сколько оно стоит
b Общее обозначение материала Текст
e Сведения, относящиеся к заглавию [знаменитый судебный процесс в Лондоне 1878 г. "Уистлер против Рескина", художник против литературного критика, который превратился в дебаты об искусстве]
f Первые сведения об ответственности И. Опимах
w Текст (визуальный) : непосредственный
203 Вид содержания и тип средства __
a Вид содержания Текст
b Характеристика содержания визуальный
c Тип средства непосредственный
333 Примечание о целевом назначении __
a Примечание о целевом назначении 18+
461 Уровень набора _0
1 2000
a Смена
463 Уровень физической единицы _0
1 001RU/CBS_UL/BASE/698491872
1 2000
a № 10
v С. 65-75 : ил.
1 210
d 2018
600 Персоналии _0
a Персоналии (Фамилия) Уистлер
b Персоналии (Имя, инициалы) Джеймс
600 Персоналии _0
a Персоналии (Фамилия) Рескин
b Персоналии (Имя, инициалы) Джон
606 Тематические рубрики 0_
a Основная рубрика Живопись зарубежных стран
y Географическая подрубрика Лондон, город (Великобритания)
z Хронологическая подрубрика 19 в.
608 Указатель предметных рубрик __
a Жанр/форма Жанр
610 Ключевые слова 0_
a Ключевые слова выставки
610 Ключевые слова 0_
a Ключевые слова живопись
610 Ключевые слова 0_
a Ключевые слова живописцы
610 Ключевые слова 0_
a Ключевые слова художественные галереи
610 Ключевые слова 0_
a Ключевые слова искусство
610 Ключевые слова 0_
a Ключевые слова художники
610 Ключевые слова 0_
a Ключевые слова критики
610 Ключевые слова 0_
a Ключевые слова Портрет Томаса Карлейля (картина)
610 Ключевые слова 0_
a Ключевые слова Ноктюрн в чёрном и золотом (картина)
686 Индексы других классификаций __
a Классификационный индекс 85.143(3)
2 Код системы rubbk
700 Автор _1
a Фамилия Опимах
b Имя (инициалы) И.
801 Источник записи _0
a Страна RU
b Организация МБУК ЦБС г. Ульяновска
c Дата составления 20220218
g Правила каталогизации RCR
801 Источник записи _1
a Страна RU
b Организация МБУК ЦБС г. Ульяновска
c Дата составления 20220218
g Правила каталогизации RCR
901 Тип документа __
t Тип документа b
w Контрольный № источника RU/CBS_UL/BASE/698491872
910 Корректоры записи __
a Корректор записи admin2
938 Служебная информация __
a Имя БД period